00918cam a2200265 a 45000010008000000030004000080050017000120080041000290100017000700200018000870400018001050500021001230820019001441000040001632450099002032600024003023000029003265000020003556500025003756500016004009060045004169420044004619520130005059990017006351841703OSt20230918141048.0820707s1981 nyua 001 0 eng  a 81000609  a9788172235413 aDLCcDLCdDLC00aRA782b.I95 198100a613.192bIYE/L1 aIyengar, B. K. S.,d1918-20149948510aLight on prāṇāyāma :bthe definitive guide to the art of breathing /cB.K.S. Iyengar. aUK:bHarper,c2013. a344 p. :bill. ;c22 cm. aIncludes index. 0aBreathing exercises. 0aHatha yoga. a7bcbccorignewd2eocipf19gy-gencatlg 2ddccBKh613.192iIYE/Lk613.192mIYE/L 00102ddc40708M&HaMESbMEScPHYSd2023-09-15l0o613.192 IYE/Lp42422r2023-09-15 14:51:03v450.00w2023-09-15yBKzU22R2 c42477d42477